LEADER 01339nam a2200277 u 4500 001 000000111912 003 CaOOAMICUS 005 20150707113015.0 008 080527s2008 it u000 u ita u 020 $z978-88-8272-3484* 040 $aPUL$bita$dLDB 100 1 $aMelina, Livio,$csac.,$d1952-$0(OLS)http://pul/name/7558 245 10$aCamminare nella luce dell'amore :$bi fondamenti della morale cristiana /$cL. Melina - J. Noriega - J.J. Pérez-Soba. 260 $aSiena :$bCantagalli,$cc2008. 300 $a678 p.$c25 cm 650 4$aMorale cristiana.$0(OLS)http://pul/subject/33527 700 1 $aPérez-Soba Diez Del Corral, Juan,$csac.,$d1964-$0(OLS)http://pul/name/41481 700 1 $aNoriega, José,$csac.,$d1965-$0(OLS)http://pul/name/33840 850 $aPUL 852 $aPUL$W1$xDP2 Religione 3$y114$m248 MELLI 1$j128150$qDDC 21$B126959$CPULBib$Z2$F126959 $H106955 $82 852 $aPUL$W1$xDP1 Fondo S. Lanza$y121$m3 F 14$j166990$qFondi$B167579$CPULBib$Z2$F167579 $HLAN2055 $82 941 1 $a9 941 1 $a1 996 $6020$z978-88-8272-3484*$9(OLS)http://pul/number/138132 996 $6245$aCamminare nella luce dell'amore :$bi fondamenti della morale cristiana$9(OLS)http://pul/title/140726 996 $6260$aSiena :$bCantagalli$9(OLS)http://pul/publisher/48759 LEADER 01524nam a2200361 a 4500 001 000000125424 003 CaOOAMICUS 005 20110524154644.0 008 110524s2011 vc a u000 u ita r 020 $a978-88-209-8539-4 040 $aPUL$bita 082 04$a230 100 1 $aAmato, Angelo,$ccard., $d1938-$0(OLS)http://pul/name/1448 245 10$aMaria la Theotokos :$bconoscenza ed esperienza /$cAngelo Amato. 260 $aCittŕ del Vaticano :$bLibreria editrice vaticana,$c©2011. 300 $a487 p. ;$c25 cm 490 1 $aItineraria ;$v6 504 $aInclude riferimenti bibliografici e indice. 650 4$aMariologia.$0(OLS)http://pul/subject/28018 710 2 $aPontificia Academia Theologica.$0(OLS)http://pul/name/70336 830 0$aItineraria ;$v6.$0(OLS)http://pul/title/142931 850 $aPUL 852 $aPUL$W1$xSL Religione 3$y85$m230 COLL 3.6$j144450$qDDC 21$B143479$CPULBib$Z2$F143479 $H117220 $82 910 $aPontificia Accademia Teologica Romana$970336 910 $aPontificia Accademia Teologica Romana$970336 941 1 $a9 960 $aMaria Virgo,$cs.$928018 960 $aMaria Virgo,$cs.$928018 996 $6020$a978-88-209-8539-4$9(OLS)http://pul/number/147277 996 $6082$a230$9(OLS)http://pul/classification/368 996 $6245$aMaria la Theotokos :$bconoscenza ed esperienza$9(OLS)http://pul/title/158152 996 $6260$aCittŕ del Vaticano :$bLibreria editrice vaticana$9(OLS)http://pul/publisher/47920